000 00649nam a22002177a 4500
999 _c1301
_d1301
001 1301
003 BD-JhCC
005 20171017201120.0
008 171017s1368 bg |||| |||| 000 0 en d
035 _a(BD-JhCC)1301
040 _aBD-JhCC
_dBD-JhCC
041 _aben
082 _a891.443
_bJOR 1368
100 _aজরাসন্ধ
245 _aতামসী /
_cজরাসন্ধ
260 _aঢাকা:
_bস্টান্ডার্ড পাবলিশার্স ,
_c১৩৬৮.
300 _a২৭১পৃ. :
_c২০ সেমি.
650 _aBengali Novel
942 _2ddc
_cBK